Emergence of depressed classes in Tamil Nadu / (Record no. 23065)

MARC details
000 -LEADER
fixed length control field 00798nam a22002057a 4500
008 - FIXED-LENGTH DATA ELEMENTS--GENERAL INFORMATION
fixed length control field 090205t xxu||||| |||| 00| 0 eng d
010 ## - LCCN (DPL NO)
LC control number ENG-92878
020 ## - INTERNATIONAL STANDARD BOOK NUMBER
Terms of availability 100.00
International Standard Book Number 9788190637619
035 ## - SYSTEM CONTROL NUMBER
System control number EN-76411
037 ## - SOURCE OF ACQUISITION
Source of stock number/acquisition DBAD / PUB
040 ## - CATALOGING SOURCE
Original cataloging agency dpl
Language of cataloging English
082 ## - DEWEY DECIMAL CLASSIFICATION NUMBER
Classification number 305.5122095431
100 ## - MAIN ENTRY--PERSONAL NAME
Personal name Annamalai, M.
245 ## - TITLE STATEMENT
Title Emergence of depressed classes in Tamil Nadu /
Statement of responsibility, etc by M. Annamalai
260 ## - PUBLICATION, DISTRIBUTION, ETC. (IMPRINT)
Place of publication, distribution, etc Cheyyar
Name of publisher, distributor, etc N. Prema Publications
Date of publication, distribution, etc 2008
270 ## - ADDRESS
Address #6, Desapalanivel Street,
City Cheyyar
Postal code 604407
300 ## - PHYSICAL DESCRIPTION
Extent x, 103p.
Dimensions 22cm (pbk)
942 ## - ADDED ENTRY ELEMENTS (KOHA)
Source of classification or shelving scheme Dewey Decimal Classification
Item type English Books
Call number suffix ANN
Classification part 305.5122095431
Holdings
Withdrawn status Lost status Source of classification or shelving scheme Damaged status Not for loan Collection code Home library Current library Date acquired Source of acquisition Cost, normal purchase price Total Checkouts Full call number Barcode Date last seen Copy number Cost, replacement price Koha item type
    Dewey Decimal Classification   Not For Loan Non-fiction D.B.Act.Division D.B.Act.Division 05/02/2009 DBAD / PUB 100.00   305.5122095431 ANN EN-76411 05/02/2009 1 100.00 English Books

© Delhi Public Library
Hit Counter
free hit counter